| 000 | 00617nmc a2200241 a 4500 | ||
|---|---|---|---|
| 003 | AR-Y00000XR | ||
| 005 | 20251128211929.0 | ||
| 008 | 237020n ||||||||||||||000 | spa|| | ||
| 020 | _a987-9396-86-3 | ||
| 040 | _cAR-Y00000XR | ||
| 100 | 1 | _aBandeira, Manuel | |
| 245 | 1 | 0 |
_aEstrella de la vida entera _bantología poética |
| 250 | _aed. bilingüe | ||
| 300 | 0 | _a220 p. | |
| 490 | 0 | _aEl otro lado | |
| 650 | 4 | _aLITERATURA CONTEMPORANEA | |
| 650 | 4 | _aPOESIA | |
| 653 | 0 | _aLITERATURA BRASILENA | |
| 655 | _aLITERATURA | ||
| 700 | 1 |
_aAlonso, Rodolfo _eselección |
|
| 942 | _cBK | ||
| 998 | _cme-solo cat | ||
| 999 |
_c21658 _d21658 |
||